Online katalóg knižníc regiónu Turca

Hlava XXII (Record no. 20826)

MARC details
000 -LEADER
fixed length control field 00931nam a2200277 a 4500
001 - CONTROL NUMBER
control field 20826
003 - CONTROL NUMBER IDENTIFIER
control field VRT
005 - DATE AND TIME OF LATEST TRANSACTION
control field 20260204165202.0
008 - FIXED-LENGTH DATA ELEMENTS--GENERAL INFORMATION
fixed length control field 000816s1985 xr a 000 1 cze c
035 ## - SYSTEM CONTROL NUMBER
System control number UKB000150626
040 ## - CATALOGING SOURCE
Original cataloging agency BAA001
Language of cataloging slo
Transcribing agency BAA001
Description conventions AACR2
041 1# - LANGUAGE CODE
Language code of text/sound track or separate title cze
Language code of original eng
044 ## - COUNTRY OF PUBLISHING/PRODUCING ENTITY CODE
MARC country code xr
ISO country code CZ
084 ## - OTHER CLASSIFICATION NUMBER
Classification number W 6(7USA)-644
Number source UKB
100 1# - MAIN ENTRY--PERSONAL NAME
Personal name Heller, Joseph
Dates associated with a name 1923-1999
245 00 - TITLE STATEMENT
Title Hlava XXII
Remainder of title Z Angl.Orig.Prel.Miroslav Jindra.Dosl. Naps.Eduard Cejka.Ilustr.Jiri Brazda.
250 ## - EDITION STATEMENT
Edition statement 4. vyd.,v tomto prekl. 2.
260 ## - PUBLICATION, DISTRIBUTION, ETC.
Place of publication, distribution, etc. Praha
Name of publisher, distributor, etc. Naše vojsko
Date of publication, distribution, etc. 1985
300 ## - PHYSICAL DESCRIPTION
Extent 459 S.
910 ## - USER-OPTION DATA (OCLC)
User-option data ukb
942 ## - ADDED ENTRY ELEMENTS (KOHA)
Source of classification or shelving scheme Dewey Decimal Classification
Koha item type Krásna literatúra pre dospelých
Suppress in OPAC No
949 ## - LOCAL PROCESSING INFORMATION (OCLC)
6 150626-10
a 27.D.31578
b PV.3267-86
o 1.superrevízia 28.10.2015 Novotná
s 4700:20070309
949 ## - LOCAL PROCESSING INFORMATION (OCLC)
6 1800287848
a B.D.80193
b PV.3268-86
949 ## - LOCAL PROCESSING INFORMATION (OCLC)
6 150626-30
a 27.D.31578
b NA.13-87
o 1.superrevízia 28.10.2015 Novotná
s 4700:20070313
949 ## - LOCAL PROCESSING INFORMATION (OCLC)
6 1800139113
a 27.D.31578
b KD.507-86
Holdings
Stav vyradenia Strata Poškodenie Spôsob nadobudnutia Domovská knižnica Aktuálna knižnica Dátum nadobudnutia Total checkouts Čiarový kód exemplára Date last seen Typ exemplára
      Dar Obecná knižnica Belá-Dulice Obecná knižnica Belá-Dulice 04.02.2026   4735903374 04.02.2026 Krásna literatúra pre dospelých
Projekt je podporený Slovenskou asociáciou knižníc
Prevádzkuje Turčianska knižnica Martin 2026